000 00761nam a2200205 i 4500
001 70781
003 ES-MaACL
005 20250808034524.0
007 t|
008 040802s1904 cl ||||1| spa d
100 1 _aGarofalo, Raffaele.
_955622
245 1 0 _aKontra la Korriente
_b: pensamientos azerka de la abolizion de la pena de muerte propuesta en el nuevo kódigo penal italiano /
_cR. Garofalo ; tradukzion kastellana de Kárlos González Ugalde.
260 _aKillota :
_bKárlos Kabezon,
_c1904.
300 _a133 p. ;
_c23 cm.
500 _aSe ha respetado la ortografía original.
650 0 7 _aPena de muerte
_2embne
_915915
700 1 _aGonzález Ugalde, Carlos.
_958994
852 _aES-MaACL
_jT-1035-F-5
999 _c70781
_d70781